书目信息 |
| 题名: |
应用力学
|
|
| 作者: | 孔七一 主编 | |
| 分册: | ||
| 出版信息: | 北京 人民交通出版社 2019.06 |
|
| 页数: | 320页 | |
| 开本: | 26cm | |
| 丛书名: | ||
| 单 册: | ||
| 中图分类: | O39 | |
| 科图分类: | ||
| 主题词: | 应用力学--ying yong li xue--高等职业教育--教材 | |
| 电子资源: | ||
| ISBN: | 978-7-114-11879-1 | |
| 000 | 01062nam0 2200253 450 | |
| 001 | 2031104168 | |
| 005 | 20201120090541.61 | |
| 010 | @a978-7-114-11879-1@dCNY49.00 | |
| 100 | @a20151101d2019 em y0chiy50 ea | |
| 101 | 0 | @achi |
| 102 | @aCN@b110000 | |
| 105 | @aa z 000yy | |
| 106 | @ar | |
| 200 | 1 | @a应用力学@9ying yong li xue@f孔七一主编 |
| 205 | @a2版 | |
| 210 | @a北京@c人民交通出版社@d2019.06 | |
| 215 | @a320页@c图@d26cm | |
| 300 | @a“十二五”职业教育国家规划教材全国交通土建高等职业教育规划教材 | |
| 330 | @a本教材以工程结构件与受力分析计算相结合,共设置了十个学习情境,主要内容包括:结构计算简图与特体受力分析;静定结构的支座反力计算;轴向拉压杆的强度计算;梁的弯曲内力与强度计算;连接件与圆轴的强度问题分析;组合变形构件的强度分析;细长压杆的稳定性分析;典型静定结构的受力分析;移动荷载作用下结构的内力分析;超静定结构的内力分析。 | |
| 606 | 0 | @a应用力学@9ying yong li xue@x高等职业教育@j教材 |
| 690 | @aO39@v5 | |
| 701 | 0 | @a孔七一@9kong qi yi@4主编@c(女,@f1955-) |
| 801 | 0 | @aCN@bBJSZM@c20201119 |
| 905 | @b1214870-3@dO39@e18=2@f4 | |
| 应用力学/孔七一主编.-2版.-北京:人民交通出版社,2019.06 |
| 320页:图;26cm |
| “十二五”职业教育国家规划教材全国交通土建高等职业教育规划教材 |
| ISBN 978-7-114-11879-1:CNY49.00 |
| 本教材以工程结构件与受力分析计算相结合,共设置了十个学习情境,主要内容包括:结构计算简图与特体受力分析;静定结构的支座反力计算;轴向拉压杆的强度计算;梁的弯曲内力与强度计算;连接件与圆轴的强度问题分析;组合变形构件的强度分析;细长压杆的稳定性分析;典型静定结构的受力分析;移动荷载作用下结构的内力分析;超静定结构的内力分析。 |
| ● |
| 相关链接 |
|
|
|
|
正题名:应用力学
索取号:O39/18=2
 
预约/预借
| 序号 | 登录号 | 条形码 | 馆藏地/架位号 | 状态 | 备注 |
| 1 | 1214870 | 212148709 | 第二样本阅览室/ [索取号:O39/18=2] | 在馆 | |
| 2 | 1214871 | 212148718 | 第三借阅区/ [索取号:O39/18=2] | 在馆 | |
| 3 | 1214872 | 212148727 | 第三借阅区/ [索取号:O39/18=2] | 在馆 | |
| 4 | 1214873 | 212148736 | 第三借阅区/ [索取号:O39/18=2] | 在馆 |